| 000 | 00494nam a22001937a 4500 | ||
|---|---|---|---|
| 003 | koha_MIRAKIL | ||
| 005 | 20231213100423.0 | ||
| 008 | 231213b |||||||| |||| 00| 0 ||| d | ||
| 020 | _b0-582-41678-7 | ||
| 040 |
_aTR-IsEVY _btur _cTR-IsEVY |
||
| 082 | _a428.64 STE/T | ||
| 100 | _aStevenson, R. L.. | ||
| 245 | 0 | _aTreasure island | |
| 260 |
_bPenguin, _c1995 |
||
| 300 | _a37 s. | ||
| 650 | _aEnglish -- Reading books. | ||
| 650 | _aİngilizce -- Okuma kitapları. | ||
| 942 |
_2ddc _cBK |
||
| 999 |
_c19637 _d19637 |
||